Random Knowledge Quiz #49 - Statistics

General Stats
  • This quiz has been taken 166 times
  • The average score is 10 of 17
Answer Stats
Question Answer % Correct
What fictional city does Batman protect? Gotham
91%
Norway
91%
Sweden
90%
Name the three countries that are (officially) part of Scandinavia. Denmark
88%
Who painted the ceiling of the Sistine Chapel in Rome? Michelangelo
87%
Facebook was originally developed as a social tool for students at which university? Harvard
79%
What was the city of Istanbul, Turkey, called until 1923? Constantinople
76%
What is the national flower of Japan? Cherry blossom
72%
What was the highest-grossing movie in 2023, world wide? Barbie
65%
Which state did the US purchase from Spain in 1819? Florida
56%
"Prehistory" refers to the era before the invention/existence of what? Written records
46%
What "-itis" is an inflammation of the liver? Hepatitis
36%
What is a somnambulist? Sleepwalker
36%
What did Tim Berners-Lee invent? World Wide Web
30%
Finish these lyrics: I wanna be the very best / Like no one ever was / To catch them is my real test / To train them is my... Cause
25%
Beginning with M, what word is the unit measurement for the brightness of stars? Magnitude
15%
As of December 2023, what is the most viewed TV show on Netflix when counted by times viewed? Wednesday, season 1
12%
No matching quizzes found
Score Distribution
Percent of People with Each Score
Percentile by Number Answered
Your Score History
You have not taken this quiz